UBT Library

Axelrod & Cooper's concise guide to writing / (Record no. 41694)

000 -LEADER
fixed length control field 00688cam a2200241 a 4500
001 - CONTROL NUMBER
control field 13849470
005 - DATE AND TIME OF LATEST TRANSACTION
control field 20180202083619.0
008 - FIXED-LENGTH DATA ELEMENTS--GENERAL INFORMATION
fixed length control field 050125s2006 maua 001 0 eng
010 ## - LIBRARY OF CONGRESS CONTROL NUMBER
LC control number 2005921117
020 ## - INTERNATIONAL STANDARD BOOK NUMBER
International Standard Book Number 0312434391
040 ## - CATALOGING SOURCE
Original cataloging agency DLC
Transcribing agency DLC
Modifying agency DLC
041 ## - LANGUAGE CODE
Language code of text/sound track or separate title eng
080 ## - UNIVERSAL DECIMAL CLASSIFICATION NUMBER
Universal Decimal Classification number 371
082 ## - DEWEY DECIMAL CLASSIFICATION NUMBER
Edition number 371 AXE
100 1# - Rafti
Rafti 46
101 ## - Shkurtesa
Shkurtesa EDU
240 10 - UNIFORM TITLE
Uniform title <a href="Concise guide to writing">Concise guide to writing</a>
245 10 - TITLE STATEMENT
Title Axelrod & Cooper's concise guide to writing /
Statement of responsibility, etc Rise B. Axelrod, Charles R. Cooper.
246 30 - VARYING FORM OF TITLE
Title proper/short title Concise guide to writing
906 ## - LOCAL DATA ELEMENT F, LDF (RLIN)
a 7
b cbc
c orignew
d 2
e epcn
f 20
g y-gencatlg
942 ## - ADDED ENTRY ELEMENTS (KOHA)
Source of classification or shelving scheme
Item type Books
Holdings
Withdrawn status Lost status Source of classification or shelving scheme Damaged status Not for loan Collection code Permanent location Current location Shelving location Date acquired Total Checkouts Full call number Barcode Date last seen Price effective from Koha item type
          Koleksioni i përgjithshem UBT - Lipjan UBT - Lipjan Koleksioni i përgjithshem 02/02/2018   371 AXE 002-2997586 02/02/2018 02/02/2018 Books
UBT Library © 2015-2024. All rights reserved University Education for Business and Technology